000 00283nam a22001337a 4500
008 170609b xxu||||| |||| 00| 0 eng d
020 _a9788854005099
041 _aeng
080 _a32
100 _a19
101 _aSHP
245 _aANCIENT CHINA
_cSCARPARI, M
942 _2udc
_cBK
999 _c16705
_d16705